Random Flags With Gravity - Statistics

General Stats
  • This quiz has been taken 1,594 times
  • The average score is 11 of 12
Answer Stats
Picture Answer % Correct
Argentina
99%
Australia
99%
Brazil
99%
China
99%
Israel
99%
New Zealand
99%
Spain
99%
Kosovo
98%
North Korea
98%
Panama
98%
Saudi Arabia
98%
Turkey
98%
Kazakhstan
97%
Tunisia
97%
North Macedonia
96%
Pakistan
96%
Barbados
95%
Bosnia and Herzegovina
95%
Fiji
95%
Laos
95%
Turkmenistan
95%
Angola
94%
Venezuela
94%
Algeria
93%
Papua New Guinea
93%
Taiwan
93%
Tonga
93%
Tuvalu
93%
Paraguay
92%
Azerbaijan
91%
Bahrain
91%
Honduras
91%
Libya
91%
Zambia
90%
El Salvador
89%
Federated States of Micronesia
89%
Lesotho
88%
Maldives
88%
Mauritania
88%
Nauru
88%
Samoa
88%
Belize
87%
Eritrea
87%
Solomon Islands
85%
East Timor
84%
Suriname
84%
Saint Vincent and the Grenadines
81%
Saint Kitts and Nevis
80%
No matching quizzes found
Score Distribution
Percent of People with Each Score
Percentile by Number Answered
Your Score History
You have not taken this quiz